Statistiques concernant Personnages Dexter

Cliquez ici pour prendre le quiz!

Statistiques générales

  • Ce quiz a été pris 107 fois
  • Le résultat moyen est 12 sur 31

Statistiques - réponses

HintRéponse% Correct
1Dexter Morgan
100%
2Debra Morgan
92%
5Maria LaGuerta
78%
7Rita Bennett
76%
3Angel Batista
71%
4Harry Morgan
71%
9James Doakes
62%
31Arthur Mitchell / Trinité
59%
6Vince Masuka
59%
12Harrison Morgan
58%
14Rudy Cooper / Brian Moser / Tueur de glace
54%
11Cody Bennett
53%
10
Astor Bennett
51%
8Joey Quinn
43%
17Frank Lundy
39%
19Miguel Prado
39%
16
Paul Bennett
29%
15Lila Tournay
29%
13Laura Moser
23%
25Oscar Prado
19%
24Ramon Prado
16%
27Sylvia Prado
15%
18Anton Briggs
13%
28George King / Ecorcheur
8%
30Christine Hill
6%
20Camilla Figg
5%
26Freebo
5%
23Ellen Wolf
4%
22Barbara Gianna
1%
21Esmee Pascal
1%
29Yuki Amado
0%

Distribution des résultats

Percentile par nombre de réponses

% des personnes avec chaque résultat

Votre développement - résultats

Vous n’avez pas pris ce quiz